Zdravotné poistenie

Na minha lista:
Detalhes bibliográficos
Autor principal: Kováč, Eduard
Autor Corporativo: Ekonomická univerzita v Bratislave. Národohospodárska fakulta
Formato: Livro
Idioma:eslovaco
Publicado em: Bratislava Vydavateľstvo EKONÓM 2000
Assuntos:
Tags: Adicionar Tag
Sem tags, seja o primeiro a adicionar uma tag!

MARC

LEADER 00000nam a2200000 4500
001 c123513
005 20240229082323.7
020 |a 80-225-1332-6 
041 0 |a slo 
044 |a SK 
245 1 0 |a Zdravotné poistenie  |c Eduard Kováč a kol. 
264 1 |a Bratislava  |b Vydavateľstvo EKONÓM  |c 2000 
300 |a 104 s. 
610 2 0 |a poistenie zdravotné 
610 2 0 |a zdravotníctvo 
610 2 0 |a financovanie 
610 2 0 |a riadenie hospodárske 
610 2 0 |a riadenie administratívne 
610 2 0 |a starostlivosť zdravotná 
610 2 0 |a poisťovne zdravotné 
610 2 0 |a manažment 
610 2 0 |a právo poistné 
610 2 0 |a zodpovednosť právna 
610 2 0 |a Slovensko 
610 2 0 |a Európska únia 
610 2 0 |a reformy 
610 2 0 |a manažment personálny 
100 1 |a Kováč, Eduard 
710 2 |a Ekonomická univerzita v Bratislave. Národohospodárska fakulta